| 000 | 01215cam a2200301 i 4500 | ||
|---|---|---|---|
| 001 | 40051 | ||
| 003 | Mx-PuUPA | ||
| 005 | 20260223102835.0 | ||
| 008 | 140415s2011 mx a gr 001 0 spa d | ||
| 020 | _a9786074775747 | ||
| 040 |
_cMx-PuUPA _aMx-PuUPA _bspa _dMx-PuUPA _erda |
||
| 041 | 1 |
_aspa _hpol |
|
| 245 | 1 | 0 |
_aCartel contemporáneo polaco : _b1945-2006 / _cBarbara Paciorek, selección de carteles y de textos, [editora] |
| 250 | _aSegunda edición | ||
| 264 | 1 |
_aMéxico, D.F. : _bUniversidad Autónoma Metropolitana ; _bEmbajada de Polonia en México, _c2011 |
|
| 300 |
_a174 páginas : _bilustraciones (a color) ; _c30 cm |
||
| 336 |
_2rdacontent _atexto _btxt |
||
| 337 |
_2rdamedia _asin medio _bn |
||
| 338 |
_2rdacarrier _avolumen _bnc |
||
| 490 | 0 | _aPreservación y Difusión de la Cultura | |
| 650 | 7 |
_2armarc _aCarteles polacos _ySiglo XX _vCatálogos |
|
| 650 | 7 |
_2armarc _aCarteles polacos _ySiglo XXI _vCatálogos |
|
| 700 | 1 |
_aPaciorek, Barbara, _917588 _eselector de carteles _eselector de textos _eeditor |
|
| 942 |
_2ddc _cLI _h741.67409438 _iC2518 |
||
| 999 |
_c40051 _d40051 |
||